Actes du Congrès International des mathèmaticiens : 1970 /
Guardado en:
| Autor Corporativo: | |
|---|---|
| Formato: | Libro |
| Idioma: | French English |
| Publicado: |
Paris :
Gauthier-Villars,
1971.
|
| Etiquetas: |
Agregar Etiqueta
Sin Etiquetas, Sea el primero en etiquetar este registro!
|
| LEADER | 01036nam a22002175a 4500 | ||
|---|---|---|---|
| 001 | MAT.inmabb002691 | ||
| 008 | 050902s1971####fr############100#0#fre#d | ||
| 005 | 20160523120640.0 | ||
| 245 | 1 | 0 | |a Actes du Congrès International des mathèmaticiens : |b 1970 / |c publiés sous la direction du Comité d'Organisation du Congrès. |
| 260 | |a Paris : |b Gauthier-Villars, |c 1971. | ||
| 300 | |a 3 t. ; |c 24 cm. | ||
| 505 | 0 | |a t. 1. Documents - Médailles Fields. Conférences générales (G). Logique (A) - Algèbre (B) -- t. 2. Géométrie et topologie (C). Analyse (D). -- t. 3. Mathématiques appliquées (E). Histoire et enseignement (F). | |
| 510 | 4 | |a MR, |c 54 #3 |3 (t. 1) | |
| 510 | 4 | |a MR, |c 54 #4 |3 (t. 2) | |
| 510 | 4 | |a MR, |c 54 #5 |3 (t. 3) | |
| 111 | 2 | |a Congrès International des Mathématiciens |d (1970 : |c Niza, Francia) | |
| 084 | |a 00B25 |2 msc2000 | ||
| 041 | 0 | |a fre |a eng | |
| 859 | |h 00B25 |i C749-1970 |p A-8047 |v 1 |3 I |b BIB. MATEMATICA | ||
| 859 | |h 00B25 |i C749-1970 |p A-8048 |v 2 |3 II |b BIB. MATEMATICA | ||
| 859 | |h 00B25 |i C749-1970 |p A-8049 |v 3 |3 III |b BIB. MATEMATICA | ||
